Динамика баланса массы ледников в связи с макроциркуляционными процессами в атмосфере

Bibliografske podrobnosti
Glavni avtor: Федоров В. М. Валерий Михайлович
Izvleček:Циркуляционные процессы в атмосфере вносят существенные изменения в годовой, сезонный и суточный ход изменения температуры воздуха. С циркуляционными процессами в атмосфере связано образование и распространение атмосферных осадков. Таким образом, циркуляционные процессы влияют на ход основных климатических элементов, определяющих условия развития ледников, и в связи с этим представляются одним из важнейших факторов как распространения ледников в пространстве, так и их развития во времени. Найдена форма связи динамики балансовых показателей ледников с продолжительностью действия элементарных циркуляционных механизмов (в типизации Б.Л. Дзердзеевского), на основе которой выполнена реконструкция динамики баланса массы для 25 опорных и репрезентативных ледников Северного полушария за XX столетие. Выявлена метахронность в балансовой динамике 9 ледниковых районов Северного полушария в XX столетии на общем фоне деградации оледенения. На основе корреляционного анализа связи динамики баланса массы ледников с микроциркуляционными характеристиками климата показано, что продолжительность действия групп циркуляции является причиной метахронности в динамике баланса массы льда в ледниковых районах и определяет ее пространственно-временную структуру.
Jezik:ruščina
Izdano: Москва, Физматлит, 2011
Teme:
Format: Knjiga
KOHA link:https://koha.lib.tpu.ru/cgi-bin/koha/opac-detail.pl?biblionumber=215638

MARC

LEADER 00000nam0a2200000 4500
001 215638
005 20231101230001.0
010 |a 9785922113564 
035 |a (RuTPU)RU\TPU\book\235569 
090 |a 215638 
100 |a 20120515d2011 k y0rusy50 ca 
101 0 |a rus 
102 |a RU 
105 |a a z 001zy 
200 1 |a Динамика баланса массы ледников в связи с макроциркуляционными процессами в атмосфере  |f В. М. Федоров 
210 |a Москва  |c Физматлит  |d 2011 
215 |a 375 с.  |c ил. 
320 |a Библиогр.: с. 351-375. 
330 |a Циркуляционные процессы в атмосфере вносят существенные изменения в годовой, сезонный и суточный ход изменения температуры воздуха. С циркуляционными процессами в атмосфере связано образование и распространение атмосферных осадков. Таким образом, циркуляционные процессы влияют на ход основных климатических элементов, определяющих условия развития ледников, и в связи с этим представляются одним из важнейших факторов как распространения ледников в пространстве, так и их развития во времени. Найдена форма связи динамики балансовых показателей ледников с продолжительностью действия элементарных циркуляционных механизмов (в типизации Б.Л. Дзердзеевского), на основе которой выполнена реконструкция динамики баланса массы для 25 опорных и репрезентативных ледников Северного полушария за XX столетие. Выявлена метахронность в балансовой динамике 9 ледниковых районов Северного полушария в XX столетии на общем фоне деградации оледенения. На основе корреляционного анализа связи динамики баланса массы ледников с микроциркуляционными характеристиками климата показано, что продолжительность действия групп циркуляции является причиной метахронности в динамике баланса массы льда в ледниковых районах и определяет ее пространственно-временную структуру. 
606 1 |a Ледники  |x Баланс массы  |2 stltpush  |3 (RuTPU)RU\TPU\subj\71697  |9 85486 
610 1 |a гляциология 
610 1 |a гляциологические характеристики 
610 1 |a атмосфера 
610 1 |a атмосферная циркуляция 
610 1 |a климат 
610 1 |a макроциркуляционные модели 
610 1 |a ледниковые районы 
610 1 |a реконструкция 
610 1 |a модели 
610 1 |a Скандинавия 
610 1 |a Шпицберген 
610 1 |a Аляска 
610 1 |a Альпы 
610 1 |a Кавказ 
610 1 |a Алтай 
610 1 |a Тянь-Шань 
675 |a 551.324.4  |v 3 
700 1 |a Федоров  |b В. М.  |g Валерий Михайлович 
801 1 |a RU  |b 63413507  |c 20120515 
801 2 |a RU  |b 63413507  |c 20131219  |g RCR 
942 |c BK